000 00658cam a22002293a 4500
001 29761
003 PGUSA
005 20140828083637.0
008 090822s2009||||xxu|||||s|||||000 p eng d
040 _aPGUSA
_beng
042 _adc
050 4 _aPS
100 1 _aBrown, Paul Cameron,
_d1948-
245 1 0 _aSympathetic Magic
_h[electronic resource] /
_cPaul Cameron Brown
260 _bProject Gutenberg,
_c2009
506 _aCopyrighted. Read the copyright notice inside this book for details.
516 _aElectronic text
653 _aPoetry
830 0 _aProject Gutenberg
_v29761
856 4 0 _uhttp://www.gutenberg.org/ebooks/29761
942 _cEB
999 _c259016
_d259016